Wheel of Time - Gray Ajah Aes Sedai - Statistics

General Stats
  • This quiz has been taken 175 times
  • The average score is 25 of 37
Answer Stats
Aes Sedai % Correct
Delana Mosalaine
94%
Beonin Marinye
88%
Joiya Byir
88%
Serancha Colvine
88%
Sierin Vayu
88%
Varilin Zanaire
88%
Evanellein Lorn
82%
Aisha Raveneos
76%
Meidani Eschede
76%
Temaile Kinderode
76%
Yukiri Haruna
76%
Jarna Malari
71%
Tiana Noselle
71%
Andaya Forae
65%
Angharad Juerissen
65%
Ashmanaille
65%
Kwamesa Taramasu
65%
Merana Ambrey
65%
Akoure Vayet
59%
Annoura Larisen
59%
Coiren Saeldein
59%
Jennet Cobb
59%
Karale Sanghir
59%
Kiyoshi
59%
Larelle Tarsi
59%
Marya Somares
59%
Merilille Ceandevin
59%
Niande Moorwyn
59%
Teire Alentaine
59%
Adrielle
53%
Berisha Terakuni
53%
Elaiva Walfor
53%
Guisin
53%
Melavaire Someinellin
53%
Naorisa Cambral
53%
Shahal Comanli
53%
Nisain a'Cowel
47%
No matching quizzes found
Score Distribution
Percent of People with Each Score
Percentile by Number Answered
Your Score History
You have not taken this quiz